Members of von der Leyen's Commission - Statistics

General Stats
  • This quiz has been taken 16 times
  • The average score is 8 of 27
Answer Stats
Department Party Nationality Commissioner % Correct
President EPP Germany Ursula von der Leyen
100%
European Green Deal PES Netherlands Frans Timmermans
70%
Vice President and High Representative for Foreign Affairs and Security Policy PES Spain Josep Borrell
70%
Budget and Administration EPP Austria Johannes Hahn
60%
Competition EPP Denmark Margrethe Vestager
50%
Interinstitutional Relations PES Slovakia Maroš Šefčovič
40%
Trade EPP Latvia Valdis Dombrovskis
40%
Justice ALDE Belgium Didier Reynders
30%
Democracy and Demography EPP Croatia Dubravka Šuica
30%
Crisis Management ALDE Slovenia Janez Lenarčič
30%
Agriculture ECR Poland Janusz Wojciechowski
30%
Financial Stability, Financial Services and the Capital Markets Union EPP Ireland Mairead McGuinness
30%
Promoting the European Way of Life EPP Greece Margaritis Schinas
30%
Jobs and Social Rights PES Luxembourg Nicolas Schmit
30%
Economy PES Italy Paolo Gentiloni
30%
Internal Market None France Thierry Breton
30%
Home Affairs PES Sweden Ylva Johansson
30%
Neighbourhood and Enlargement EPP Hungary Olivér Várhelyi
20%
Health and Food Safety EPP Cyprus Stella Kyriakides
20%
Transport EPP Romania Adina Vălean
10%
Cohesion and Reforms PES Portugal Elisa Ferreira
10%
Equality PES Malta Helena Dalli
10%
International Partnership PES Finland Jutta Urpilainen
10%
Values and Transparency ALDE Czech Republic Věra Jourová
10%
Energy ALDE Estonia Kadri Simson
0%
Innovation, Research, Culture, Education and Youth EPP Bulgaria Mariya Gabriel
0%
Environment, Oceans and Fisheries None Lithuania Virginijus Sinkevičius
0%
No matching quizzes found
Score Distribution
Percent of People with Each Score
Percentile by Number Answered
Your Score History
You have not taken this quiz